| 000 | 00640nam a2200229 a 4500 | ||
|---|---|---|---|
| 001 | 53206 | ||
| 003 | BD-RjUL | ||
| 005 | 20211209075927.0 | ||
| 008 | 161004s1956 n ||||| |||| 001 0 eng d | ||
| 035 | _a(BD-RjUL)53326 | ||
| 040 |
_aBD-RjUL _beng _cBD-RjUL |
||
| 041 | _aeng | ||
| 082 |
_223 _a539 _bANA 1956 |
||
| 100 |
_aAndrade, E. N. da C. _9159039 |
||
| 245 |
_aAn approach to modern physics / _cE. N. da C. Andrade |
||
| 260 |
_aNew York : _bDoubleday & Company, _cc1956. |
||
| 300 |
_avii, 266 p. ; _c15 cm. |
||
| 490 | _aDoubleday Anchor Books | ||
| 500 | _aIncludes index | ||
| 650 |
_aModren Physics _9159040 |
||
| 942 |
_2ddc _cBK |
||
| 999 |
_c53206 _d53206 |
||